Zasedání FEI 1970 v Bruselu

Bibliographic Details
Main Author: Hoza, František (Author)
Format: Article
Language:Slovak
Czech
Subjects:

MARC

LEADER 00000nab a2200000 a 4500
001 vtls009627089
003 SK-MaSNL
005 20260304151909.0
008 250506c1971 xo wr|||||||||000 b|slo
015 |a SNBRB1971  |2 snkbucl 
035 |a (uuid)2eac8094-d9e2-49bc-95b3-8256ab6e2f30 
035 |a urn:nbn:sk:snk-ab14rq 
035 |a (urnnbn)urn:nbn:sk:snk:ar-002vs4 
038 |a SNKBUCL 
040 |a SNKBUCL  |b slo  |c SNKBUCL  |e AACR2 
041 0 |a cze 
044 |a xo  |c SK 
080 |a 798.2:061.25  |2 2001 
080 |a 061.25  |2 2001 
080 |a 061.3  |2 2001 
100 1 |a Hoza, František  |4 aut  |9 1002272 
245 1 0 |a Zasedání FEI 1970 v Bruselu  |c František Hoza 
610 2 7 |a Medzinárodná jazdecká federácia (FEI)  |2 snkbucl  |9 1473491 
650 0 7 |a jazdectvo  |2 snkbucl  |9 3225 
650 0 7 |a zasadanie  |2 snkbucl  |9 280253 
773 0 |t Jazdectvo  |g Roč. 19, č. 3 (1971), s. 43 
850 |a Slovenská národná knižnica 
852 |a Slovenská národná knižnica 
954 |a odborná, vedecká literatúra cudzojazyčná (svetová)  |2 lita 
954 |a odborná, vedecká literatúra pôvodná (slovenská)  |2 lita 
958 |a article27 
958 |a OND 
958 |a EUIPO 
999 |c 2946300  |d 2948230